[Event "RSA-ch U12 Girls"]
[Site "Gauteng"]
[Date "2017.04.10"]
[Round "10"]
[White "Pelser, Jean Marie"]
[Black "Morema, Mohau"]
[Result "0-1"]
[WhiteElo "811"]
[BlackElo "1096"]
[PlyCount "64"]
[EventDate "2017.04.05"]
[EventType "swiss"]
[EventRounds "11"]
[EventCountry "RSA"]
[SourceTitle "CBM 177 Extra"]
[Source "ChessBase"]
[SourceDate "2017.04.27"]
[SourceVersion "1"]
[SourceVersionDate "2017.04.27"]
[SourceQuality "1"]

1. d4 d5 2. c4 e6 3. Bf4 Nf6 4. Nf3 h6 5. e3 Be7 6. cxd5 Nxd5 7. Be5 0-0 8. Bc4 Nb6 9. Bd3 Bb4+ 10. Nbd2 f6 11. Bf4 a6 12. 0-0 Bxd2 13. Qxd2 Re8 14. Bg6 Re7 15. e4 Nc6 16. Bxh6 gxh6 17. Qxh6 Rg7 18. Nh4 Ne7 19. d5 Nxg6 20. Nxg6 Rh7 21. Qf4 e5 22. Qg3 Rg7 23. Rac1 Qe8 24. Qh4 Qxg6 25. g3 Rh7 26. Qxh7+ Qxh7 27. a4 Qxe4 28. Rxc7 Bh3 29. f3 Qe3+ 30. Kh1 Bxf1 31. Rxb7 Qxf3+ 32. Kg1 Qg2# 0-1

[Event "RSA-ch U12 Girls"]
[Site "Gauteng"]
[Date "2017.04.09"]
[Round "8"]
[White "Pelser, Jean Marie"]
[Black "Nhlapo, Vangile"]
[Result "0-1"]
[WhiteElo "811"]
[BlackElo "843"]
[PlyCount "92"]
[EventDate "2017.04.05"]
[EventType "swiss"]
[EventRounds "11"]
[EventCountry "RSA"]
[SourceTitle "CBM 177 Extra"]
[Source "ChessBase"]
[SourceDate "2017.04.27"]
[SourceVersion "1"]
[SourceVersionDate "2017.04.27"]
[SourceQuality "1"]

1. d4 d5 2. c4 dxc4 3. e3 Nf6 4. Bxc4 Bf5 5. Nf3 Nc6 6. 0-0 e6 7. Nc3 Bb4 8. Bd2 0-0 9. Ng5 h6 10. Nf3 Re8 11. a3 Bd6 12. Qb3 Rb8 13. d5 Ne5 14. Nxe5 Bxe5 15. Rad1 exd5 16. Nxd5 Nxd5 17. Bxd5 Bg6 18. Bc3 Qh4 19. Bxe5 Rxe5 20. h3 Rg5 21. Rd4 Qxh3 22. Rfd1 Rf8 23. Qb4 Qh5 24. Re1 Rxd5 25. Rh4 Qg5 26. Rc1 c5 27. Qg4 Qf6 28. Rc4 Bh5 29. Rxh5 Rd2 30. Rf4 Qxb2 31. Rxh6 Qa1+ 32. Kh2 g6 33. Rh3 Qg7 34. Qf3 g5 35. Rf5 g4 36. Qf4 gxh3 37. Rg5 Qxg5 38. Qxg5+ Kh7 39. Qe7 Rg8 40. Qxf7+ Kh8 41. Kxh3 Rg7 42. Qf8+ Kh7 43. Qxc5 Rxf2 44. Qh5+ Kg8 45. a4 Rh7 46. Qxh7+ Kxh7 0-1

[Event "RSA-ch U10 Girls"]
[Site "Bloemfontein"]
[Date "2016.03.24"]
[Round "8"]
[White "Terblanche, Annika"]
[Black "Pelser, Jean Marie"]
[Result "1-0"]
[WhiteElo "557"]
[BlackElo "745"]
[PlyCount "77"]
[EventDate "2016.03.20"]
[EventType "swiss"]
[EventRounds "11"]
[EventCountry "RSA"]
[SourceTitle "CBM 171 Extra"]
[Source "ChessBase"]
[SourceDate "2016.04.26"]
[SourceVersion "1"]
[SourceVersionDate "2016.04.26"]
[SourceQuality "1"]

1. e4 e5 2. Nf3 Nc6 3. Nc3 Nf6 4. Bc4 Bc5 5. Ng5 Qe7 6. d3 0-0 7. 0-0 h6 8. Nf3 d6 9. Bd5 Nxd5 10. Nxd5 Qd8 11. Be3 Bxe3 12. fxe3 Bg4 13. Qd2 Ne7 14. Nxe7+ Qxe7 15. Rf2 Qf6 16. d4 Rfe8 17. dxe5 dxe5 18. h3 Be6 19. Nd4 exd4 20. Rxf6 gxf6 21. Qxd4 Rad8 22. Qxf6 Rd6 23. Qxh6 Red8 24. Qh5 f6 25. b3 Bf7 26. Qg4+ Kf8 27. c4 Rd2 28. Rf1 Rxa2 29. Rd1 Rxd1+ 30. Qxd1 Bg6 31. Qd3 Ra1+ 32. Kh2 Bh5 33. e5 Rd1 34. Qf5 Be2 35. e6 Bd3 36. Qxf6+ Kg8 37. e7 Rf1 38. Qe6+ Kh8 39. e8Q+ 1-0

[Event "RSA-ch U10 Girls"]
[Site "Bloemfontein"]
[Date "2016.03.22"]
[Round "5"]
[White "Schoeman, Sane"]
[Black "Pelser, Jean Marie"]
[Result "1-0"]
[WhiteElo "986"]
[BlackElo "745"]
[PlyCount "69"]
[EventDate "2016.03.20"]
[EventType "swiss"]
[EventRounds "11"]
[EventCountry "RSA"]
[SourceTitle "CBM 171 Extra"]
[Source "ChessBase"]
[SourceDate "2016.04.26"]
[SourceVersion "1"]
[SourceVersionDate "2016.04.26"]
[SourceQuality "1"]

1. c4 e5 2. Nc3 Nf6 3. g3 Bc5 4. Bg2 c6 5. Nf3 d5 6. d3 d4 7. Na4 Bb4+ 8. Bd2 Bxd2+ 9. Qxd2 0-0 10. Nxe5 Qe8 11. Nf3 b5 12. cxb5 cxb5 13. Nxd4 bxa4 14. Bxa8 Qd7 15. 0-0 Qxd4 16. Rac1 Qd7 17. Qb4 Na6 18. Qc4 Qh3 19. Bg2 Qd7 20. b3 Re8 21. Bc6 Qc7 22. Bxe8 Qxc4 23. Rxc4 Nxe8 24. Rxc8 Nac7 25. Rc1 Kf8 26. R1xc7 f6 27. Rxa7 axb3 28. axb3 g6 29. Raa8 Ke7 30. Rxe8+ Kd6 31. Ra5 Kd7 32. Rb8 Ke7 33. Rb6 g5 34. Ra7+ Kd8 35. Rb8# 1-0

[Event "RSA-ch U10 Girls"]
[Site "Bloemfontein"]
[Date "2016.03.20"]
[Round "1"]
[White "Brugman, Lisa"]
[Black "Pelser, Jean Marie"]
[Result "1-0"]
[WhiteElo "980"]
[BlackElo "745"]
[PlyCount "39"]
[EventDate "2016.03.20"]
[EventType "swiss"]
[EventRounds "11"]
[EventCountry "RSA"]
[SourceTitle "CBM 171 Extra"]
[Source "ChessBase"]
[SourceDate "2016.04.26"]
[SourceVersion "1"]
[SourceVersionDate "2016.04.26"]
[SourceQuality "1"]

1. e4 e5 2. Nf3 Nc6 3. Bc4 Bc5 4. 0-0 Nf6 5. Nc3 0-0 6. d3 d6 7. h3 h6 8. Be3 Bxe3 9. fxe3 Na5 10. Bd5 Nxd5 11. Nxd5 c6 12. Nc3 Qf6 13. Qe1 Qg6 14. Kh2 d5 15. exd5 cxd5 16. Nxd5 e4 17. Qxa5 Qh5 18. Ne7+ Kh8 19. Qxh5 g6 20. Qxh6# 1-0